000 00383nam a22001457a 4500
999 _c197354
_d197354
008 230822b ||||| |||| 00| 0 eng d
082 _aN-SHA
100 _aSharma, Akanksha
245 _aDon't Let The Kitten Drive The Car
_hEnglish
260 _aDelhi
_bA.I.C.B.
_cRohini
270 _aA.I.C.B. Rohini, Delhi
300 _a12x13
490 _v1-2
942 _2ddc
_cBRLEN
_kN
_mSHA